Law of contract: Along with partnership act and sale of goods act. 2 (Record no. 115396)

MARC details
000 -LEADER
fixed length control field 00436nam a2200157Ia 4500
008 - FIXED-LENGTH DATA ELEMENTS--GENERAL INFORMATION
fixed length control field 230917s9999||||xx |||||||||||||| ||und||
040 ## - CATALOGING SOURCE
-- 100966
Original cataloging agency VIVEKANANDA LIBRARY
041 ## - Language
-- English
082 ## - DDC NUMBER
Classification number 346.022 K141L(9)
100 ## - MAIN ENTRY--PERSONAL NAME
Personal name Kapoor, S K
245 #0 - TITLE STATEMENT
Title Law of contract: Along with partnership act and sale of goods act. 2
250 ## - EDITION STATEMENT
Edition statement 9th ed.
260 ## - PUBLICATION, DISTRIBUTION, ETC. (IMPRINT)
Place of publication, distribution, etc Allahabad
Name of publisher, distributor, etc Central Law Agency
Date of publication, distribution, etc 2002
300 ## - PHYSICAL DESCRIPTION
Pages xxxviii, 335 p.
942 ## - ADDED ENTRY ELEMENTS (KOHA)
Koha item type Books
Holdings
Withdrawn status Lost status Damaged status Not for loan Location (home branch) Sublocation or collection (holding branch) Date acquired Koha issues (times borrowed) Koha full call number Accession No. Koha date last seen Koha item type
        VIVEKANANDA LIBRARY VIVEKANANDA LIBRARY 22/03/2004   346.022 K141L(9) 205428 17/09/2023 Books
        VIVEKANANDA LIBRARY VIVEKANANDA LIBRARY 22/03/2004 2 346.022 K141L(9) 205429 18/02/2026 Books
        VIVEKANANDA LIBRARY VIVEKANANDA LIBRARY 22/03/2004   346.022 K141L(9) 205430 17/09/2023 Books
© Designed and Maintained by Vivekananda Library, MDU Rohtak